BANK FRAUDS PREVENTION AND DETECTION (Record no. 216335)

MARC details
000 -LEADER
fixed length control field 00393nam a22001577a 4500
008 - FIXED-LENGTH DATA ELEMENTS--GENERAL INFORMATION
fixed length control field 251205b |||||||| |||| 00| 0 eng d
020 ## - INTERNATIONAL STANDARD BOOK NUMBER
International Standard Book Number 978-93-5143-881-6
050 ## - LIBRARY OF CONGRESS CALL NUMBER
Classification number HV 6699.S53 2016
100 ## - MAIN ENTRY--PERSONAL NAME
Personal name SHARMA B.R
245 ## - TITLE STATEMENT
Title BANK FRAUDS PREVENTION AND DETECTION
250 ## - EDITION STATEMENT
Edition statement 4th
260 ## - PUBLICATION, DISTRIBUTION, ETC.
Place of publication, distribution, etc. INDIA
Name of publisher, distributor, etc. LEXIS NEXIS
Date of publication, distribution, etc. 2016
300 ## - PHYSICAL DESCRIPTION
Extent X,780
942 ## - ADDED ENTRY ELEMENTS (KOHA)
Source of classification or shelving scheme Library of Congress Classification
Koha item type Long Loan Book
Holdings
Withdrawn status Lost status Source of classification or shelving scheme Damaged status Not for loan Collection Home library Current library Shelving location Date acquired Inventory number Total checkouts Full call number Barcode Date last seen Copy number Price effective from Koha item type
    Library of Congress Classification     Law Kisii University Library Kisii University Library On Display 12/05/2025 110307   HV 6699.S53 2016 000000023040 12/05/2025 C.4 12/05/2025 Long Loan Book
    Library of Congress Classification     Law Kisii University Library Kisii University Library On Display 12/05/2025 110306   HV 6699.S53 2016 000000023041 12/05/2025 C.3 12/05/2025 Long Loan Book
    Library of Congress Classification     Law Kisii University Library Kisii University Library On Display 12/05/2025 110305   HV 6699.S53 2016 000000023042 12/05/2025 C.2 12/05/2025 Long Loan Book
    Library of Congress Classification     Law Kisii University Library Kisii University Library On Display 12/05/2025 110304   HV 6699.S53 2016 000000023043 12/05/2025 C.1 12/05/2025 Long Loan Book